000 01172nam a2200337 a 4500
001 000044089
003 DO-SdBNP
005 20240301125121.0
007 ta
008 140515s2014 dr ac 000 p spa d
020 _a9789945455984
040 _aDO-SdBNP
_bspa
_cBNPHU
082 _aRD861.44
_bV145n, 2014
_222
100 1 _aValdez, Pedro Antonio,
_d1968-
_922509
245 1 0 _aNaturaleza muerta y otros poemarios /
_cPedro Antonio Valdez.
250 _a2a ed.
260 _aSan Juan, Puerto Rico :
_aSanto Domingo :
_bIsla Negra,
_c2014.
300 _a218 p. :
_bil., retrs. ;
_c22 cm.
490 1 _aEl cañón secuestrado
500 _aIncluye datos biográficos del autor en la solapa de la cubierta
505 0 _tContiene : Naturaleza muerta --
_tVersos virtuales --
_tPoemas asesinos --
563 _aTres obras encuadernadas juntas con paginación continua.
590 _aInventariado, 2019/LP
650 4 _aPoesía puertorriqueña
650 4 _aLiteratura puertorriqueña
740 0 2 _aVersos virtuales
740 0 2 _aPoemas asesinos
830 0 _aEl cañón secuestrado
_96917
910 _aValidado. Control de calidad MFF
942 _2ddc
_cLBS1
999 _c43578
_d43578